| 000 | 00411nam a2200181Ia 4500 | ||
|---|---|---|---|
| 003 | OSt | ||
| 005 | 20251126155858.0 | ||
| 008 | 250729s2005 xx 000 0 und d | ||
| 020 | _a 978-8179291115 | ||
| 040 | _cAL | ||
| 041 | _aeng | ||
| 082 | _a530.1 SIMP | ||
| 245 | _a117 Simple Science Projects | ||
| 260 |
_aNew Delhi _c2005 |
||
| 300 | _a160p | ||
| 650 |
_aPhysics _9225016 |
||
| 942 |
_2ddc _cBED |
||
| 999 |
_c236705 _d236705 |
||